000 00728nas a2200241 4500
001 BR8705758
003 BR-BrBNA
005 20231205090814.0
007 ta
008 230509b bl.|||p| |||| 00| 00por d
040 _aBR-BrBNA
_bpor
_cBiblioteca Nacional de Agricultura
041 _a(En)
072 _aL73
100 1 _aLopes, C.W.G.
100 1 _aFlausino, W.
245 1 _aHammondia heydorni (Apicomplexa: Sarcocystidae)infection in dogs in Brazil
650 _aCAO
650 _aCOCCIDIOSE
650 _aCOCCIDEO
773 0 _tRevista Brasileira de Medicina Veterinaria (Brazil)
_xISSN 0100-2430
_g(Apr-Jun 1981), v. 4(2) p. 31-32
_wBR8705758
909 _a202311
_bLúcia
_c55
_dLúcia Elande
942 _2AGRIS
_n0
_cANA
999 _c120956
_d120956